LEADER 01522nam 2200409 450 001 000010603 005 20050718115400.0 100 $a20020305d1984----km-y0itay0103----ba 101 0 $aita 102 $aIT 200 1 $a<> analisi degli insediamenti umani e produttivi$fa cura di Giorgio Leonardi e Giovanni A. Rabino$gscritti di C.S. Bertuglia ... [et al.] 210 $aMilano$cFranco Angeli$dc1984 215 $a295 p. 225 1 $aScienze regionali$v1 606 $aPianificazione territoriale$yItalia 606 $aProduzione 676 $a338.60420945$v(21. ed.)$9Organizzazione della produzione. Ubicazione. Italia 676 $a711$v(21. ed.)$9Urbanistica (Pianificazione territoriale) 702 1$aLeonardi,$bGiorgio 702 $aRabino,$bGiovanni A. 702 $aBertuglia,$bCristoforo Sergio 801 0$aIT$bUniversità della Basilicata - B.I.A.$gRICA$2unimarc 912 $a000010603 996 $aAnalisi degli insediamenti umani e produttivi$977100 997 $aUNIBAS BAS $aMONSCI BAS $aMONOGR BAS $aSCIENZE CAT $aSTD009$b01$c20020305$lBAS01$h1045 CAT $aTORRE$b20$c20030912$lBAS01$h1033 CAT $c20050601$lBAS01$h1754 CAT $abatch$b01$c20050718$lBAS01$h1050 CAT $c20050718$lBAS01$h1109 CAT $c20050718$lBAS01$h1139 CAT $c20050718$lBAS01$h1154 FMT Z30 -1$lBAS01$LBAS01$mBOOK$1BASA2$APolo Tecnico-Scientifico$2DID$BDidattica$3PTS.s3.p59.31$651547$5I51547$820020305$f04$FPrestabile Didattica LEADER 00940nam a2200241 i 4500 001 991001477559707536 005 20020507194201.0 008 010529s1999 it ||| | ita 035 $ab10852876-39ule_inst 035 $aLE01312850$9ExL 040 $aDip.to Matematica$beng 084 $aAMS 62G10 100 1 $aPerrone, Anna$0537322 245 10$aVerifica di ipotesi :$bindipendenza. Tesi di laurea /$claureanda Anna Perrone ; relat. Carlo Sempi 260 $aLecce :$bUniversità degli studi. Facoltà di Scienze. Corso di laurea in Matematica,$ca.a. 1999-00 650 4$aHypothesis testing 700 1 $aSempi, Carlo 907 $a.b10852876$b02-04-14$c28-06-02 912 $a991001477559707536 945 $aLE013 TES 1999/00 PER1$g1$i2013000127491$lle013$o-$pE0.00$q-$rl$s- $t0$u0$v0$w0$x0$y.i10964460$z28-06-02 996 $aVerifica di ipotesi$9918334 997 $aUNISALENTO 998 $ale013$b01-01-01$cm$da $e-$fita$git $h0$i1